[Event "22nd European Club Cup 2006"]
[Site "?"]
[Date "2006.10.14"]
[Round "7"]
[White "Pedersen, Nicolai Vesterbaek"]
[Black "Cobb, Charles"]
[Result "1/2-1/2"]
[WhiteElo "2510"]
[BlackElo "2410"]
[PlyCount "192"]
[EventDate "2006.10.08"]

1. d4 e6 2. c4 Nf6 3. Nc3 Bb4 4. Qc2 c5 5. dxc5 Na6 6. a3 Qa5 7. Bd2 Nxc5 8.
O-O-O Bxc3 9. Bxc3 Qa6 10. Bxf6 gxf6 11. e3 b6 12. Ne2 Bb7 13. Nc3 Bc6 14. f3
Ke7 15. Be2 Ba4 16. Nxa4 Qxa4 17. Qxa4 Nxa4 18. Rd2 Rhc8 19. b3 Nc5 20. Kb2 Rc7
21. Bd1 a5 22. Bc2 Rac8 23. Rc1 Nb7 24. Rcd1 h6 25. b4 axb4 26. axb4 Rxc4 27.
Rxd7+ Ke8 28. Bb3 R4c7 29. Ba4 Kf8 30. Bb5 Rc2+ 31. Kb1 R8c7 32. Ba6 Rc1+ 33.
Rxc1 Rxd7 34. Rc6 Nd8 35. Rxb6 Rd2 36. b5 Ke7 37. Rb8 Rxg2 38. b6 Rxh2 39. b7
Nxb7 40. Rxb7+ Kf8 41. Rb2 Rh1+ 42. Kc2 Ra1 43. Bb7 f5 44. Kd2 Kg7 45. Bc6 Ra6
46. Bb7 Ra3 47. Ke2 Ra1 48. Kf2 Ra3 49. Rd2 Rb3 50. Rd7 Rb2+ 51. Ke1 Rb6 52.
Rc7 Rb2 53. Bc6 Rc2 54. Rc8 Ra2 55. Ra8 Rc2 56. Be8 Rc7 57. Kf2 Kf6 58. Ke2 Ke7
59. Kd3 Kf6 60. Ra6 Rc8 61. Bc6 Rd8+ 62. Ke2 Rd6 63. Bb5 Rd5 64. Ba4 Rd8 65.
Ra7 Rb8 66. Kd3 Kg7 67. Kc4 Rc8+ 68. Kd4 Kf6 69. Bd7 Rb8 70. Bc6 Rd8+ 71. Rd7
Rb8 72. Bb7 Rg8 73. f4 Rg1 74. Bf3 Kg6 75. Rb7 Rf1 76. Be2 Re1 77. Bb5 Rd1+ 78.
Kc3 Rd8 79. Bd7 Kf6 80. Kc4 h5 81. Bc6 Rc8 82. Kc5 h4 83. Rb2 Rg8 84. Rh2 Rg4
85. Rh3 e5 86. Bf3 exf4 87. Bxg4 fxg4 88. Rxh4 Kg5 89. Rh7 fxe3 90. Rxf7 g3 91.
Rf3 Kg4 92. Rxe3 g2 93. Re1 Kf3 94. Kd4 Kf2 95. Rc1 g1=Q 96. Rxg1 Kxg1 1/2-1/2

[Event "22nd European Club Cup 2006"]
[Site "?"]
[Date "2006.10.14"]
[Round "7"]
[White "Cobb, James"]
[Black "Welling, Gerard"]
[Result "1/2-1/2"]
[WhiteElo "2395"]
[BlackElo "2371"]
[PlyCount "82"]
[EventDate "2006.10.08"]

1. d4 Nf6 2. Nf3 h6 3. c4 d6 4. Nc3 Bf5 5. g3 c6 6. Bg2 Nbd7 7. d5 cxd5 8. cxd5
g5 9. h4 g4 10. Nd4 Bg6 11. Be3 Bg7 12. Rc1 a6 13. O-O O-O 14. b3 Nc5 15. b4
Ncd7 16. Nb3 Qb8 17. Na5 Ne5 18. Qb3 Rc8 19. Na4 Rxc1 20. Rxc1 Nfd7 21. Nb6
Nxb6 22. Bxb6 Nd7 23. Be3 Ne5 24. a4 Bf5 25. Bb6 Bd7 26. Rc7 Qe8 27. Rxb7 Bxa4
28. Qe3 Rc8 29. Nc6 Bxc6 30. dxc6 Nxc6 31. Bxc6 Qxc6 32. Qxe7 Qd5 33. e4 Qe6
34. Qxe6 fxe6 35. Ra7 Rc4 36. Rxa6 Rxb4 37. Bc7 Be5 38. Bxd6 Bxd6 39. Rxd6 Rxe4
40. Rd7 Re5 41. Kf1 h5 1/2-1/2

[Event "22nd European Club Cup 2006"]
[Site "?"]
[Date "2006.10.14"]
[Round "7"]
[White "Trevelyan, John"]
[Black "Broekmeulen, Jasper"]
[Result "1/2-1/2"]
[WhiteElo "2228"]
[BlackElo "2273"]
[PlyCount "80"]
[EventDate "2006.10.08"]

1. d4 Nf6 2. c4 g6 3. Nc3 Bg7 4. e4 O-O 5. Nf3 d6 6. Be2 e5 7. dxe5 dxe5 8.
Qxd8 Rxd8 9. Bg5 Re8 10. Nd5 Nxd5 11. cxd5 c6 12. Bc4 cxd5 13. Bxd5 Nd7 14. Nd2
Nc5 15. O-O-O Be6 16. Bxe6 Nxe6 17. Be3 Bf8 18. Nb3 a5 19. f3 a4 20. Na1 b5 21.
Rd5 b4 22. Kb1 Nc7 23. Rd7 Nb5 24. Rhd1 a3 25. Rb7 axb2 26. Rxb5 bxa1=Q+ 27.
Kxa1 Ra3 28. Bc1 Ra6 29. Re1 f6 30. Kb1 Rc8 31. Re2 Rac6 32. Bb2 Rd6 33. Rc2
Rd1+ 34. Bc1 Rxc2 35. Kxc2 Rg1 36. Rd5 Rxg2+ 37. Rd2 Rg1 38. Rd1 Rg2+ 39. Rd2
Rg1 40. Rd1 Rg2+ 1/2-1/2

[Event "22nd European Club Cup 2006"]
[Site "?"]
[Date "2006.10.14"]
[Round "7"]
[White "Makoli, Perparim"]
[Black "Gentilleau, Jean Philippe"]
[Result "1-0"]
[WhiteElo "2246"]
[BlackElo "2209"]
[PlyCount "99"]
[EventDate "2006.10.08"]

1. e4 c5 2. Nf3 d6 3. d4 cxd4 4. Nxd4 Nf6 5. Nc3 Nc6 6. Be2 e5 7. Nf3 h6 8. O-O
Be7 9. h3 O-O 10. Bc4 a6 11. Bb3 b5 12. Nd5 Bb7 13. Nxf6+ Bxf6 14. Bd5 Qc7 15.
Nh2 Rac8 16. Ng4 Qe7 17. Bxh6 Bg5 18. Bxg5 Qxg5 19. c3 Rfd8 20. a4 Rc7 21. axb5
axb5 22. Ne3 Bc8 23. Qf3 Be6 24. Rfd1 Ne7 25. Qe2 Ng6 26. Bxe6 fxe6 27. Qxb5
Nf4 28. Ng4 Rf7 29. Qf1 d5 30. g3 Nh5 31. Qg2 d4 32. cxd4 exd4 33. e5 Qf5 34.
Ra8 Rfd7 35. Rxd8+ Rxd8 36. Qf1 d3 37. Rd2 Qe4 38. b4 Qd4 39. Kg2 Qd5+ 40. f3
Qb5 41. Qb1 g5 42. Qb3 Kf7 43. Qc3 Rd5 44. Ne3 Rd7 45. Nc4 Qd5 46. Nb6 Qd4 47.
Qc5 Rd8 48. Nc4 Kg6 49. Nd6 Qa1 50. Qc3 1-0

[Event "22nd European Club Cup 2006"]
[Site "?"]
[Date "2006.10.14"]
[Round "7"]
[White "Goban, Marek"]
[Black "Hausrath, Daniel"]
[Result "1/2-1/2"]
[WhiteElo "2148"]
[BlackElo "2529"]
[PlyCount "93"]
[EventDate "2006.10.08"]

1. c4 e5 2. Nc3 Nc6 3. g3 f5 4. d3 Nf6 5. Bg2 Bb4 6. Bd2 O-O 7. Nf3 d6 8. O-O
Bxc3 9. Bxc3 Qe8 10. e3 Bd7 11. b4 e4 12. dxe4 Nxe4 13. Qd3 Rd8 14. a3 Be6 15.
Rfc1 Qf7 16. Be1 g5 17. b5 Nb8 18. Nd4 Nd7 19. Nxe6 Qxe6 20. Qd5 Qxd5 21. cxd5
Ndc5 22. Rc2 Rd7 23. Rac1 g4 24. h4 gxh3 25. Bxh3 Kg7 26. f3 Ng5 27. Bg2 Re8
28. Bc3+ Kg6 29. Bd4 b6 30. Rc3 h5 31. Kf2 Rh7 32. Rh1 Ra8 33. Bf1 Nf7 34. Bd3
Nxd3+ 35. Rxd3 a6 36. Rc1 axb5 37. Rxc7 Ne5 38. Rdc3 Nc4 39. Rc6 Rha7 40. Bxb6
Rxa3 41. Rxa3 Rxa3 42. Bc5 Ra2+ 43. Kg1 Kf7 44. Bxd6 Nxe3 45. Rc5 Rg2+ 46. Kh1
Rd2 47. Rxb5 1/2-1/2